Normal view
MARC view
- पांडे स्व
Entry Personal Name
001 - CONTROL NUMBER
- control field: 216651
003 - CONTROL NUMBER IDENTIFIER
- control field: OSt
005 - DATE AND TIME OF LATEST TRANSACTION
- control field: 20260206134712.0
008 - FIXED-LENGTH DATA ELEMENTS
- fixed length control field: 260206|| aca||aabn | a|a d
040 ## - CATALOGING SOURCE
- Original cataloging agency: OSt
- Transcribing agency: OSt
100 ## - HEADING--PERSONAL NAME
- Personal name: पांडे स्व
670 ## - SOURCE DATA FOUND
- Source citation: Work cat.: (OSt)370202: पांडे स्व., भारतीय वीर पत्नींच्या कथा, 2024